000 00235nam a22000857a 4500
008 170608b xxu||||| |||| 00| 0 eng d
100 _93334
_aShankar
245 _aTreasury of indian classics
260 _aNew Delhi
_bChildren's Book Trust
_c1993
999 _c6653
_d6653